| 000 | 00779cam a2200253 4500 | ||
|---|---|---|---|
| 008 | 090401t1991 xxu||||| |||| 00| 0 eng d | ||
| 020 | _a1853800279 | ||
| 035 | _a(Sirsi) u40312 | ||
| 041 | _aeng | ||
| 050 | _a692.8 | ||
| 100 | _aWood, R.D. | ||
| 245 | _aContractors` claims under the JCT Intermediate Form of Contract. | ||
| 260 |
_aAscot, Berks. _bCIOB _c1991 |
||
| 300 | _axii,139p. ; 25cm. | ||
| 350 | _a17.6 | ||
| 490 |
_aIOB Studies in Contractual Claims _v12 |
||
| 650 | _aBUILT ENVIRONMENT-BUILDING CONTRACT FORMS | ||
| 650 | _aCLAIMS | ||
| 650 | _aJCT INTERMEDIATE FORM OF BUILDING CONTRACT (1984 EDITION) | ||
| 690 | _aBUILT ENVIRONMENT-BUILDING CONTRACT FORMS | ||
| 710 |
_aChartered Institute of Building _92134 |
||
| 942 | _n0 | ||
| 948 | _c04/03/1997 | ||
| 999 |
_c90854 _d90854 |
||